Movies Quiz

Random Movies or Alphabet Quiz

Top Grossing 'L' Movies Quiz Stats

 Plays Quiz Updated Jul 16, 2018

Challenge
Share
Tweet
Score 0/21 Timer 05:00
26 Plays Today
% Correct
The Lego Movie
95.5%
The Lord of the Rings: The Fellowship of the Ring
95%
Life of Pi
92.1%
The Lion King
91.1%
The Lord of the Rings: The Two Towers
89.3%
La La Land
87.2%
The Lord of the Rings: The Return of the King
86.7%
The Lorax
81.3%
The Lost World: Jurassic Park
80.6%
The Lego Batman Movie
76.1%
Liar Liar
72%
% Correct
Lethal Weapon 3
67.5%
The Last Samurai
66.6%
Les Misérables
64.6%
Logan
58.7%
Lucy
56.3%
Look Who's Talking
51.1%
Little Fockers
46.3%
The Last Airbender
40.9%
The Legend of Tarzan
38.4%
Live Free or Die Hard
37.4%

You're not logged in!

Compare scores with friends on all Sporcle quizzes.
Join for Free
OR
Log In

You Might Also Like...

Show Comments

Extras

Top Quizzes Today


Score Distribution

Your Account Isn't Verified!

In order to create a playlist on Sporcle, you need to verify the email address you used during registration. Go to your Sporcle Settings to finish the process.

Report this User

Report this user for behavior that violates our Community Guidelines.

Details: